000 00329nam a22001457a 4500
008 210311b ||||| |||| 00| 0 eng d
020 _a0805371605
041 _aeng
080 _25th
_a573
082 _25th
_a573
100 _a11
101 _aBIO
245 _aBiology Concepts & Connections
_cCampbell,A.N
942 _2udc
_cBK
999 _c56364
_d56364